Meteos Planets Quiz - Statistics

General Stats
  • This quiz has been taken 6 times
    2 since last reset
  • The average score is 44 of 55
Answer Stats
Answer % Correct
Anasaze
100%
Boggob
100%
Brabbit
100%
Cavious
100%
Dawndus
100%
Dejeh
100%
Earth
100%
Firim
100%
Forte
100%
Freaze
100%
Geolyte
100%
Geolyte (Summer)
100%
Geolyte (Winter)
100%
Gigagush
100%
Globin
100%
Gravitas
100%
Gravitas 9
100%
Hevendor
100%
Hotted
100%
Jupiter
100%
Lastar
100%
Limotube
100%
Luna=Luna
100%
Mars
100%
Meteo
100%
Oleana
100%
Pluto
100%
Saturn
100%
Stadium
100%
Starii
100%
Suburbion
100%
Thirnova
100%
Venus
100%
Wuud
100%
Arod
50%
Asteroid
50%
Bavoom
50%
Darthvega
50%
Floret
50%
Florias
50%
Grannest
50%
Hanihula
50%
Jeljel
50%
Lattice
50%
Layazero
50%
Luster
50%
Megadom
50%
Mekks
50%
Rambarumba
50%
Unknown
50%
Vubble
50%
Wiral
50%
Yooj
50%
Gelyer
0%
Lumious
0%
No matching quizzes found
Score Distribution
Percent of People with Each Score
Percentile by Number Answered
Your Score History
You have not taken this quiz since the last reset